000 00584nam a2200205Ii 4500
003 JO-AjNU
008 230606s9999||||xx |||||||||||||| ||und||
020 _a978-0-9824062-2-9
040 _aJO-AjNU
_beng
_erda
_cJO-AjNU
041 _aeng
050 1 4 _aQA162 .J83 1994
100 3 _aJudson:thomas,
_eauthor
_91013
245 0 0 _a Abstract algebra : theory and applications
264 3 1 _apws:company:1994
300 _a372p
336 _atext
_btxt
_2rdacontent
337 _aunmediated
_bn
_2rdamedia
338 _avolume
_bnc
_2rdacarrier
650 4 _a Algebra, Abstract. 
_91014
999 _aE532
_c532
_d532